Family Medical Care 5
| Main Author: | |
|---|---|
| Format: | Book |
| Language: | English |
| Published: |
Australia :
Signs Publishing Company ,
1982
|
| Subjects: |
MARC
| LEADER | 00000cam a2200000 7i4500 | ||
|---|---|---|---|
| 001 | 0000044304 | ||
| 005 | 20130128.0 | ||
| 008 | 130128 eng | ||
| 020 | |a 1876010304 | ||
| 090 | 0 | 0 | |a 613 WRI |
| 100 | 1 | |a Wright, Dr.James | |
| 245 | 1 | 0 | |a Family Medical Care 5 |c Dr.James Wright |
| 260 | |a Australia : |b Signs Publishing Company , |c 1982 | ||
| 300 | |a 336p, : |b col.ill. ; |c 25cm. | ||
| 650 | 0 | 0 | |a Health |
| 999 | |a 197806 |b Buku |c Rujukan |e Perbadanan Perpustakaan Awam Melaka | ||